000
00292nam a22001337a 4500
008
170825b xxu||||| |||| 00| 0 eng d
020
_a
9780767423168
041
_a
eng
080
_a
070
100
_a
40
101
_a
MED
245
_a
SCENARIOS FOR WRITING
_c
GLAU.G.R
942
_2
udc
_c
BK
999
_c
24986
_d
24986